Mini spaces for living : (Registro nro. 2263)
[ vista simple ]
| 000 -LEADER | |
|---|---|
| fixed length control field | 00804nam a2200241Ia 4500 |
| 003 - CONTROL NUMBER IDENTIFIER | |
| control field | PE SENCICO BE |
| 005 - DATE AND TIME OF LATEST TRANSACTION | |
| control field | 20251020182537.0 |
| 008 - FIXED-LENGTH DATA ELEMENTS--GENERAL INFORMATION | |
| fixed length control field | 200515s9999 xx 000 0 und d |
| 020 ## - INTERNATIONAL STANDARD BOOK NUMBER | |
| International Standard Book Number | 978-84-15829-86-7 |
| 040 ## - CATALOGING SOURCE | |
| Original cataloging agency | PE SENCICO BE |
| Transcribing agency | PE SENCICO BE |
| 041 ## - LANGUAGE CODE | |
| Language code of text/sound track or separate title | eng |
| 082 ## - DEWEY DECIMAL CLASSIFICATION NUMBER | |
| Classification number | 728.314 |
| Item number | I4M |
| 110 1# - MAIN ENTRY--CORPORATE NAME | |
| 9 (RLIN) | 238 |
| Corporate name or jurisdiction name as entry element | Instituto Monsa de Ediciones |
| 245 10 - TITLE STATEMENT | |
| Title | Mini spaces for living : |
| Remainder of title | 247 to 602 sq ft / 23 a 56 m2 / |
| Statement of responsibility, etc. | Instituto Monsa de Ediciones |
| 260 ## - PUBLICATION, DISTRIBUTION, ETC. | |
| Place of publication, distribution, etc. | Barcelona: |
| Name of publisher, distributor, etc. | Monsa, |
| Date of publication, distribution, etc. | 2015 |
| 300 ## - PHYSICAL DESCRIPTION | |
| Extent | 144 p. : |
| Other physical details | il. col., diagrs. ; |
| Dimensions | 23 cm. |
| 650 10 - SUBJECT ADDED ENTRY--TOPICAL TERM | |
| Topical term or geographic name entry element | Arquitectura de interiores |
| 9 (RLIN) | 8 |
| 650 20 - SUBJECT ADDED ENTRY--TOPICAL TERM | |
| Topical term or geographic name entry element | Edificios de vivienda |
| 9 (RLIN) | 273 |
| 650 20 - SUBJECT ADDED ENTRY--TOPICAL TERM | |
| Topical term or geographic name entry element | Arquitectura mínima |
| 9 (RLIN) | 277 |
| 700 1# - ADDED ENTRY--PERSONAL NAME | |
| 9 (RLIN) | 193 |
| Personal name | Minguet, José María |
| 942 ## - ADDED ENTRY ELEMENTS (KOHA) | |
| Koha item type | Libros |
| Source of classification or shelving scheme | Dewey Decimal Classification |
| Classification part | 728.314 |
| Item part | I4M |
| Fecha de la última vez que lo usaron | Número de ingreso o de inventario | Pago total | Signatura topográfica completa | Código de barras | Precio efectivo desde | Tipo de documento | Estado perdido | Sistema de clasificación | Estado dañado | No es para préstamo | Retirado | Ubicación permanente | Ubicación actual | Fecha de adquisición |
|---|---|---|---|---|---|---|---|---|---|---|---|---|---|---|
| 15/05/2020 | 16184 | 728.314/I4M | Bib-Lima15052263 | 15/05/2020 | Libros | Dewey Decimal Classification | Biblioteca Central Lima | Biblioteca Central Lima | 15/05/2020 |